Contemporary issues in social psychology / (Record no. 5292)

MARC details
000 -LEADER
fixed length control field 01069cam a2200193 a 4500
020 ## - INTERNATIONAL STANDARD BOOK NUMBER
ISBN 0818504986 (pbk.) :
050 00 - CALL NUMBER
Classification number HM251
Item number .C688
100 ## - AUTHOR
Personal name John C. Brigham
245 00 - TITLE
Title Contemporary issues in social psychology /
Statement of responsibility, etc edited by John C. Brigham, Lawrence S. Wrightsman.
250 ## - EDITION
Edition statement 4th ed.
260 ## - PUBLICATION INFORMATION
Place of publication Monterey, Calif. :
Name of publisher Brooks/Cole Pub. Co.,
Year of publication c1982.
300 ## - DESCRIPTION
Number of Pages xiv, 395 p. ;
Dimensions 24 cm.
500 ## - NOTES
General note Includes index
505 ## - FORMATTED CONTENTS NOTE
Table of Content Section 1. Helping behavior<br/>Section 2. Aggression and violence <br/>Section 3. Attraction and love <br/>Section 4. Attitudes: How well do they predict behavior?<br/>Section 5. Prejudice, Racism, and Sexism <br/>Section 6. Obedience and Compliance <br/>Section 7. Group processes: Deindividuation, groupthink, and war<br/>Section 8. Attribution theory: Tendencies and biases in the attributions we make <br/>Section 9. Social psychology and law:The social psychology of Jury selection <br/>Section 10. Environment psychology
650 #0 - SUBJECTS
Topical Term Social psychology.
700 1# - OTHER AUTHORS
Personal name Brigham, John Carl,
700 1# - OTHER AUTHORS
Personal name Wrightsman, Lawrence S.
942 ## - ADDED ENTRY ELEMENTS (KOHA)
Koha item type Books
Holdings
Withdrawn status Lost status Collection code Home library Current library Shelving location Date acquired Full call number Accession Number Koha item type
    Reference Methodist University Library Main Methodist University Library Main General Stacks 19/07/2000 HM251 .C688 18616 Books
    Reference Methodist University Library Main Methodist University Library Main General Stacks 19/07/2000 HM251 .C688 16515 Books
Copyright © 2026  MUG Library